| 000 | 02251nam0a2200361 4500 | ||
|---|---|---|---|
| 001 | RU\NLR\BIBL_A\012871018 | ||
| 005 | 20221028151639.0 | ||
| 010 |
_a978-5-6043385-2-0 _9100 |
||
| 021 |
_aRU _bКН-П-22-039536 _9КН-П-22-3407 |
||
| 035 | _a(NLR Aleph) 012871018 | ||
| 035 | _a(RuMoRGB)011115833 | ||
| 090 |
_a12489260 _c12489260 |
||
| 100 | _a20220819d2019 u y0rusy50 ca | ||
| 101 | 0 | _arus | |
| 102 | _aRU | ||
| 105 | _ao|||z|||000gy | ||
| 181 | 0 |
_ai _baxxe |
|
| 182 | 0 | _an | |
| 200 | 1 |
_aЛегионер _eлирические стихотворения _fАлександр Сапрунов |
|
| 203 |
_aТекст _bвизуальный _cнепосредственный |
||
| 210 |
_aВеликие Луки _cРубеж _d2019 |
||
| 215 |
_a101, [1] с. _cил. _d17 |
||
| 327 | 1 | _aСодерж.: Ч. 1. Нагайка; Ч. 2. Тротуар; Ч. 3. Гимн | |
| 330 | _aЭта книга рождалась долго и непросто. С одной стороны, её можно назвать своего рода избранным, с которым поэт, выпускник Литературного института им. А. М. Горького, движется к полувековому юбилею. Но, с другой стороны, здесь совершенно нет мотивов подведения итогов или какого-либо самодовольного монументализма. Творческий почерк Александра Сапрунова отличают обострённое чувство полутонов, интонационная чуткость, беспредельная отзывчивость к звуку и смысловая наполненность. Он всегда хочет сказать слишком много и в этом "слишком" - его выбор и его поэтическая судьба | ||
| 675 |
_a821.161.1-1 _v4 |
||
| 686 | 2 | _aШ6(2=Р)8-5 | |
| 700 | 1 |
_aСапрунов _bА. А. _f1973- _gАлександр Александрович |
|
| 942 | _cBOOK | ||
| 980 | _aNBR | ||
| 980 | _aNB | ||